Náměšťsko : turisticko-vlastivědný průvodce obcemi a jejich okolím /

Main Author: Zejda, Radovan, 1946-2021
Language: Czech
Published: Tišnov : Sursum, 2004
Edition: Vyd. 1.
Physical Description: 191 s. : barev. il., mapy ; 17 cm
Book
Saved in:
LEADER 01429nam a2200385 a 4500
001 000802365
003 CZ BrMZK
005 20060118161328.0
007 ta
008 051018s2004 xr ab e f 000 0 cze
015 |a cnb001316818 
020 |a 80-7323-054-2  |q (váz.) 
035 |a (OCoLC)85149766 
040 |a KLG001  |b cze 
043 |a e-xr---  |b e-xr-vy  |2 czenas 
072 7 |a 913(4)  |x Geografie Evropy, reálie, cestování  |2 Konspekt  |9 7 
080 |a 911.373  |2 MRF 
080 |a 913(437.324)  |2 MRF 
080 |a 908(437.324)  |2 MRF 
080 |a (036)913  |2 MRF 
100 1 |a Zejda, Radovan,  |d 1946-2021  |7 mzk2003202371  |4 aut 
245 1 0 |a Náměšťsko :  |b turisticko-vlastivědný průvodce obcemi a jejich okolím /  |c Radovan Zejda ; [fotografie Miroslav Klepáček] 
250 |a Vyd. 1. 
260 |a Tišnov :  |b Sursum,  |c 2004 
300 |a 191 s. :  |b barev. il., mapy ;  |c 17 cm 
504 |a Obsahuje bibliografii 
650 0 7 |a obce  |7 ph123545  |z Česko  |2 czenas 
655 7 |a turistické průvodce  |7 fd133738  |2 czenas 
651 7 |a Náměšť nad Oslavou (Česko : oblast)  |7 ge130271  |x vlastivěda  |2 czenas 
910 2 |a BOA001  |b 1-1161.794 
990 |a BK 
995 |a 60 
991 |b 200601  |c NOV 
996 6 |b 2610267712  |c 1-1161.794  |l MZK  |r Sklad / do 1 hodiny  |n 2  |p p.v.  |w 000802365  |u 000010  |a 1  |e BOA001  |j MZK50  |s P 
996 7 |b 2610267713  |c 1-1161.794  |l Vol.výběr  |r VV 1p  |n 18  |p p.v.  |h 913(437) PRU  |w 000802365  |u 000020  |a 0  |e BOA001  |j MZK50  |s A